000 00795nam a2200289Ia 4500
001 8660
005 20240113234126.0
007 ta
008 170225s1983 ii g b000 u 465 u
020 _a0-7069-2189-5
040 _aCotton College,Assam
041 _a465
082 _a330.51
_bZa 14 Ma
100 _aZameeruddin, Q. .
245 0 _aMathematics in Commerce and Economics /
_cQ. Zameeruddin & V.K. Khanna.
_hTextual Documents
250 _a1st ed. /
260 _aNew Delhi :
_bVikas Publishing House Pvt. Ltd. ,
_c1983.
300 _a248p. ;
_c22cm.
504 _aIndex
653 _aEconomics-Mathematics
653 _aCommerce-Mathematics
653 _aPG-Economics
700 _aKhanna, V.K. .
942 _2ddc
_cBK
999 _c8647
_d8647